[Event "Valby K41 Spring-C"]
[Site "Valby"]
[Date "2011.03.29"]
[Round "3"]
[White "Morkore, Thomas"]
[Black "Hansen, Jakob"]
[Result "1/2-1/2"]
[WhiteElo "1854"]
[BlackElo "1913"]
[PlyCount "47"]
[EventDate "2011.03.15"]
[EventType "tourn"]
[EventRounds "7"]
[EventCountry "DEN"]
[SourceTitle "EXT 2023"]
[Source "ChessBase"]
[SourceDate "2022.10.05"]
[SourceVersion "1"]
[SourceVersionDate "2022.10.05"]
[SourceQuality "1"]

1. e4 c5 2. Nf3 Nc6 3. Bb5 e6 4. 0-0 Nge7 5. c3 a6 6. Bxc6 Nxc6 7. d4 d5 8. Bg5 Qb6 9. exd5 exd5 10. dxc5 Qxb2 11. Nbd2 Bxc5 12. Nb3 Be7 13. Re1 Be6 14. Nbd4 Nxd4 15. Qxd4 Bxg5 16. Qxg7 0-0-0 17. Qxg5 Rhg8 18. Qe7 Qb6 19. Rab1 Qc7 20. Qxc7+ Kxc7 21. Nd4 Bh3 22. g3 Rge8 23. f3 Bc8 24. Kf2 1/2-1/2

[Event "Valby K41 Aabent-ch 1011"]
[Site "Valby"]
[Date "2011.03.01"]
[Round "9"]
[White "Hansen, Jakob"]
[Black "Christensen, Esben"]
[Result "0-1"]
[WhiteElo "1895"]
[BlackElo "2018"]
[PlyCount "74"]
[EventDate "2010.11.03"]
[EventType "swiss"]
[EventRounds "10"]
[EventCountry "DEN"]
[SourceTitle "EXT 2023"]
[Source "ChessBase"]
[SourceDate "2022.10.05"]
[SourceVersion "1"]
[SourceVersionDate "2022.10.05"]
[SourceQuality "1"]

1. d4 Nf6 2. c4 c5 3. d5 b5 4. cxb5 a6 5. bxa6 Bxa6 6. Nc3 g6 7. f4 d6 8. Nf3 Bg7 9. e4 Bxf1 10. Rxf1 0-0 11. Kf2 Qb6 12. Kg1 Nbd7 13. Qe2 e6 14. dxe6 fxe6 15. e5 Nd5 16. Nxd5 exd5 17. e6 Rae8 18. Ng5 Rf6 19. Qg4 Nf8 20. Qh3 h6 21. Nf7 h5 22. f5 gxf5 23. Qxh5 c4+ 24. Kh1 Rexe6 25. Ng5 Re7 26. Nh3 Re5 27. Bf4 Re4 28. Bg5 Rf7 29. Bh6 Re5 30. Bf4 Ree7 31. Rae1 Rxe1 32. Rxe1 Bxb2 33. Ng5 Rg7 34. Ne6 Qf2 35. Rg1 Nxe6 36. Qe8+ Nf8 37. Bxd6 Bd4 0-1

[Event "Borup op 5th"]
[Site "Borup"]
[Date "2010.09.10"]
[Round "6"]
[White "Skovle, Lars"]
[Black "Hansen, Jakob"]
[Result "1-0"]
[WhiteElo "1705"]
[BlackElo "1999"]
[PlyCount "89"]
[EventDate "2010.09.03"]
[EventType "swiss"]
[EventRounds "9"]
[EventCountry "DEN"]
[SourceTitle "CBM 138 Extra"]
[Source "ChessBase"]
[SourceDate "2010.10.29"]
[SourceVersion "1"]
[SourceVersionDate "2010.10.29"]
[SourceQuality "1"]

1. f4 e5 2. fxe5 d6 3. Nf3 Bf5 4. d3 Be7 5. e4 Bg4 6. Bf4 dxe5 7. Bxe5 Nf6 8. Be2 Nbd7 9. Bc3 0-0 10. 0-0 c6 11. Nbd2 b5 12. a3 a5 13. Qe1 b4 14. axb4 axb4 15. Rxa8 Qxa8 16. Bd4 c5 17. Be3 Be6 18. Qg3 Qa2 19. Rb1 Ng4 20. Bf4 Qa7 21. Kh1 c4 22. h3 Nf2+ 23. Kh2 cxd3 24. cxd3 Kh8 25. Ng5 Bc5 26. Rc1 Bb6 27. b3 Nf6 28. Nc4 Bxc4 29. dxc4 N2xe4 30. Nxe4 Nxe4 31. Qh4 g5 32. Bxg5 Nxg5 33. Qxg5 Bc7+ 34. Kh1 f6 35. Qf5 Qe3 36. Qc2 Re8 37. Bf1 Bg3 38. Rd1 Qe7 39. Qd3 Be5 40. Qd7 Qf8 41. Bd3 Qg8 42. Bxh7 Qf8 43. Bg6 Re7 44. Qb5 Bc3 45. Qh5+ 1-0

[Event "Ronne Jubilaum"]
[Site "Ronne"]
[Date "2001.06.30"]
[Round "9"]
[White "Hansen, Jakob"]
[Black "Blum, Thomas"]
[Result "1-0"]
[WhiteElo "1878"]
[BlackElo "2117"]
[PlyCount "130"]
[EventDate "2001.06.24"]
[EventType "swiss"]
[EventRounds "9"]
[EventCountry "DEN"]
[SourceTitle "EXT 2023"]
[Source "ChessBase"]
[SourceDate "2022.10.05"]
[SourceVersion "1"]
[SourceVersionDate "2022.10.05"]
[SourceQuality "1"]

1. e4 c6 2. d4 d5 3. exd5 cxd5 4. Bd3 Nc6 5. c3 Nf6 6. Ne2 e6 7. Nd2 a6 8. Nf3 h6 9. a4 Bd6 10. Bf4 0-0 11. 0-0 Qc7 12. Bxd6 Qxd6 13. Ng3 Bd7 14. Re1 Rac8 15. Ne5 Ne8 16. Qe2 Nxe5 17. dxe5 Qc5 18. Qd2 b5 19. Re3 Nc7 20. Ne2 bxa4 21. Rg3 Kh8 22. Rh3 f5 23. Nf4 Kg8 24. Bc2 a3 25. Rxa3 Qb6 26. Bd1 Rb8 27. Ra2 Bb5 28. b3 Rfd8 29. Rg3 Be8 30. Nh5 Bxh5 31. Qxh6 Bg4 32. Qg6 Rd7 33. Bc2 Be2 34. Ra4 d4 35. Rh3 Qb7 36. Rb4 Qc8 37. Bxf5 exf5 38. Rxb8 Qxb8 39. e6 Nxe6 40. Qxe6+ Rf7 41. Qxe2 Qxb3 42. cxd4 Qb6 43. Qe8+ Rf8 44. Rh8+ Kxh8 45. Qxf8+ Kh7 46. Qxf5+ Kg8 47. d5 a5 48. g4 a4 49. Qc8+ Kh7 50. Qc2+ Kh6 51. Qxa4 Qb1+ 52. Kg2 Qd3 53. Qf4+ Kg6 54. Qf5+ Qxf5 55. gxf5+ Kxf5 56. Kg3 Ke5 57. Kg4 Kxd5 58. Kf5 Kd4 59. Kg6 Ke4 60. Kxg7 Kf5 61. Kf7 Kg4 62. Kg6 Kf4 63. Kf6 Kg4 64. Ke5 Kf3 65. Kf5 Kxf2 1-0